000 00362cam a2200145ua 4500
041 _aeng
_h
082 _a828.09
_bMUL/SH
100 _aMullik, B.R.
245 _aShakespear`s much a do nothing about /
_cB.R Mullik.
_hTextual Documents
260 _aNew Delhi :
_bS.Chand & Sons ,
_c1961.
300 _a ; .
504 _a
942 _cBK
999 _c2360
_d2360